| 000 | 00454nam a2200181Ia 4500 | ||
|---|---|---|---|
| 008 | 180207s9999 xx 000 0 und d | ||
| 020 | _a9780375834653 | ||
| 050 | _bT462 2006 | ||
| 245 | _aThomas-saurus rex / | ||
| 245 | _cillustrated by Richard Courtney. | ||
| 260 | _aNew York : | ||
| 260 | _bRandom House, Inc., | ||
| 260 | _c2006 | ||
| 300 | _aunpaged : | ||
| 300 | _bcolor illustration ; | ||
| 300 | _c20cm. | ||
| 440 | _aThomas & friends. | ||
| 999 |
_c355579 _d355579 |
||